Civil Service Systems in Western Europe /

Estudio comparado del desarrollo y situación actual de los sistemas de servicio civil en Europa, que cada país ha diseñado para atender de manera institucional los servicios creados por el Estado con el fin de brindar atención a las necesidades de sus gobernados. Los países que analizados en la pres...

Descripción completa

Guardado en:
Detalles Bibliográficos
Autor principal: Bekke, Hans A.G.M (ed.)
Otros autores: Meer, Frits M. (edición) (edición)
Formato: Libro
Idioma:Inglés
Publicado: Cheltenham, Inglaterra : Northampton, EUA : Edward Elgar, 2000, c2000
Colección:(Civil Service Systems in Comparative Perspective)
Temas:
Etiquetas: Agrega una etiqueta
Sin etiquetas, Sé el primero en etiquetar este registro!

MARC

LEADER 00000nam^a2200000^a^4500
001 000271187
005 20250521000000.0
009 20260310111019.921
020 |a 1-84064-607-1 
037 |a Acervo ITESO - Biblioteca 
041 |a ING 
082 |a 351. 770940  |b BEK 
100 |a Bekke, Hans A.G.M.  |e (ed.) 
245 1 0 |a Civil Service Systems in Western Europe /  |c Ed. de H.A.G.M. Bekke, F.M. van der Meer. 
264 4 |a Cheltenham, Inglaterra :  |a Northampton, EUA :  |b Edward Elgar,  |c 2000, c2000 
300 |a XV, 293 p. 
336 |a texto  |b txt  |2 rdacontenido 
337 |a sin mediación  |b n  |2 rdamedio 
338 |a volumen  |b nc  |2 rdasoporte 
440 1 |a (Civil Service Systems in Comparative Perspective) 
520 |a Estudio comparado del desarrollo y situación actual de los sistemas de servicio civil en Europa, que cada país ha diseñado para atender de manera institucional los servicios creados por el Estado con el fin de brindar atención a las necesidades de sus gobernados. Los países que analizados en la presente obra son: Gran Bretaña, Irlanda, Noruega, Holanda, Alemania, Bélgica, Francia, Italia y España. 
649 |a XX 
650 |a Funcionarios Públicos -  |z Europa 
650 |a Burocracia -  |z Europa 
650 |a Servicio Civil de Carrera -  |z Europa -  |x Tema Principal 
650 |a Recursos Humanos -  |z Europa 
650 |a Administración Pública -  |z Europa 
650 |a Política -  |z Europa -  |x Historia -  |y Siglo XX 
700 |a Meer, Frits M.  |e (edición) 
910 |a Fondo General 
920 |a Impresos - Libros 
930 |a Colección General 
905 |a 101 
901 |a 0500156756  |b IT1  |c ACC  |u 20250521 
902 |a https://opac.biblio.iteso.mx/vufind/Record/000271187